Význam informačných systémov a informačných technológií pri zvyšovaní konkurencieschopnosti podniku

Uložené v:
Podrobná bibliografia
Hlavný autor: Romanová, Anita, 1973-
Médium: Kapitola
Jazyk:Slovak
Tagy: Pridať tag
Žiadne tagy, Buďte prvý, kto otaguje tento záznam!

MARC

LEADER 00000naa$a2200000$$$4500
001 0122660
005 20240502072403.3
041 0 |a slo 
044 |a SK 
245 1 0 |a Význam informačných systémov a informačných technológií pri zvyšovaní konkurencieschopnosti podniku  |c Anita Romanová 
100 1 |a Romanová, Anita, 1973-